000 01247nam0a22002651 4500
001 v19\rc\1662381
005 20250619010746.0
035 _a(NLR Aleph) 004771569
090 _a4631401
_c4631401
100 _a20061002d1891 |||y0rusy50 ca
101 0 _arus
102 _aRU
105 _ay z |||||
200 1 _aО развитии в последние годы пермских, астраханских, крымских и донецких соляных промыслов, на основании материалов, собранных Комиссиею, назначенной по постановлению Общего железнодорожного съезда для исследования современного положения соляной промышленности в России
_f[С. Манциарли]
210 _aХарьков
_cтип. А. Дарре
_dценз. 1891
215 _a[6] с.
_d36
300 _aАвт. указан в конце текста
309 _aБез тит. л. и обл.
700 1 _aМанциарли
_bС.
801 0 _aRU
_bNLR
_gpsbo
801 0 _aRU
_bRuMoRGB
_2psbo
801 1 _aRU
_bProSoft-M
_2rusmarc
852 _aNLR
_j18.207.1.47
942 _cBOOK
980 _aNB